000 00732nam a2200265Ia 4500
003 OSt
005 20221006150946.0
006 a|||||r|||| 00| 0
007 ta
008 221006b |||||||| |||| 00| 0 jpn d
020 _c¥6200
024 _a20,356
037 _bGift, Japan Foundation
_cTextual
040 _aEASL
_cEASL
_bjpn
041 _2jpn
_ajpn
082 _aX.42.N45, M1
100 _aNAKAMURA Takahide Ed.
_9658024
245 0 _aSenkanki no nihon keizai bunseki
260 _aTokyo
_bYamakawa Shuppan Japan
_c1981
300 _a425p.
_ccm.
490 _v JL
650 _aJL
942 _hX.42.N45, M1
_cTEXL
_2CC
999 _c1088442
_d1088442